书目信息 |
| 题名: |
Surfer 8地理信息制图
|
|
| 作者: | 百世彪 , 陈晔 , 王建 编著 | |
| 分册: | ||
| 出版信息: | 北京 中国地图出版社 2004.08 |
|
| 页数: | 235页 | |
| 开本: | 26cm | |
| 丛书名: | ||
| 单 册: | ||
| 中图分类: | P283.7 | |
| 科图分类: | ||
| 主题词: | 地图制图自动化--di tu zhi tu zi dong hua--应用软件 | |
| 电子资源: | ||
| ISBN: | 7-5031-3552-2 | |
| 000 | 00903nam0 2200265 450 | |
| 001 | 012006392186 | |
| 005 | 20060925093439.42 | |
| 010 | @a7-5031-3552-2@dCNY38.00 | |
| 100 | @a20060704d2004 km y0chiy0120 ea | |
| 101 | 0 | @achi |
| 102 | @aCN@b110000 | |
| 105 | @aa a 000yy | |
| 200 | 1 | @aSurfer 8地理信息制图@ASurfer 8 di li xin xi zhi tu@f王建, 百世彪, 陈晔编著@Fwang jian,bai shi biao,chen ye bian zhu |
| 210 | @a北京@c中国地图出版社@d2004.08 | |
| 215 | @a235页@c图@d26cm | |
| 320 | @a有书目 | |
| 330 | @a本书结合大量实例介绍Surfer 8的基础知识和图件绘制示例,介绍数据分析和三维分析功能及Surfer的编程语言等。 | |
| 606 | 0 | @a地图制图自动化@Adi tu zhi tu zi dong hua@x应用软件 |
| 610 | 0 | @aSurfer 8 |
| 690 | @aP283.7@v4 | |
| 701 | 0 | @a百世彪@Abai shi biao@4编著 |
| 701 | 0 | @a陈晔@Achen ye@4编著 |
| 701 | 0 | @a王建@Awang jian@4编著 |
| 801 | 0 | @aCN@c20060925 |
| 905 | @a10447@dP283.7@eW235 | |
| Surfer 8地理信息制图/王建, 百世彪, 陈晔编著.-北京:中国地图出版社,2004.08 |
| 235页:图;26cm |
| ISBN 7-5031-3552-2:CNY38.00 |
| 本书结合大量实例介绍Surfer 8的基础知识和图件绘制示例,介绍数据分析和三维分析功能及Surfer的编程语言等。 |
| ● |
| 相关链接 |
|
|
|
正题名:Surfer 8地理信息制图
索取号:P283.7/W235
 
预约/预借
| 序号 | 登录号 | 条形码 | 馆藏地/架位号 | 状态 | 备注 |
| 1 | 593927 | 205939270 | 社科二线400B/400B社科库 2排1列6层/ [索取号:P283.7/W235] | 在馆 | |
| 2 | 593928 | 205939289 | 自科库401/401自科库 125排2列1层/ [索取号:P283.7/W235] | 在馆 | |
| 3 | 593929 | 205939298 | 社科二线400B/400B社科库 2排1列6层/ [索取号:P283.7/W235] | 在馆 |